LEADER 01113nam a2200253 u 4500 001 000000089468 003 CaOOAMICUS 005 20070226124623.0 008 051121s1960 it u000 u ita u 035 $a11069751 040 $aPUL(R)$bita 041 1 $aita$hger 100 1 $aJedin, Hubert,$csac.,$d1900-1980.$0(OLS)http://pul/name/4262 240 10$aKleine Konziliengeschichte.$lItaliano.$0(OLS)http://pul/title/96552 245 10$aBreve storia dei concili :$bi venti concili ecumenici nel quadro della storia della Chiesa /$cHubert Jedin. 260 $aRoma :$bHerder,$c1960. 300 $a222 p. ;$c20 cm 504 $aComprende indicazioni bibliografiche. 650 4$aConcili e sinodi$xStoria.$0(OLS)http://pul/subject/56 850 $aPUL 852 $aPUL$W1$xDP1 Fondo Pastorale$y55$mP12 D 6$j113102$nBK-PRI$qFondi$B113102$CPULBib$Z2$F113102 $HPUL1964 $81 941 1 $a1 996 $6245$aBreve storia dei concili :$bi venti concili ecumenici nel quadro della storia della Chiesa$9(OLS)http://pul/title/115534 996 $6260$aRoma :$bHerder$9(OLS)http://pul/publisher/47913 LEADER 01389nam a2200289 u 4500 001 000000039519 003 CaOOAMICUS 005 20070226114011.0 008 980514s1964 it u000 u lat u 035 $a10794625 040 $aPUL(R)$bita 100 1 $aPernek, S.$0(OLS)http://pul/name/29390 245 10$aMatrimonium et familia in legislatione socialisticae foederalis reipublicae Jugoslaviae /$cSeverinus Pernek. 260 $aRomae :$bPontificia Università Lateranense,$c1964. 300 $a86 p. ;$c25 cm 490 1 $aTheses ad lauream in iure canonico 504 $aBibliografia in nota. 650 4$aMatrimonio (diritto canonico).$0(OLS)http://pul/subject/475 650 4$aFamiglia (diritto canonico).$0(OLS)http://pul/subject/17752 830 0$aTheses ad lauream in iure canonico (Pontificia Università Lateranense).$0(OLS)http://pul/title/215 850 $aPUL 852 $aPUL$W1$xDP1 Diritto e Scienze Sociali 2$y90$mApudBibl D 25$j53778$nBK-PRI$b $qStampati altre collocazioni$B53778$CPULBib$Z2$F53778 $H $81 941 1 $a10 960 $aDiritto matrimoniale canonico$9475 961 $aINV: 28769 996 $6245$aMatrimonium et familia in legislatione socialisticae foederalis reipublicae Jugoslaviae$9(OLS)http://pul/title/53488 996 $6260$aRomae :$bPontificia Università Lateranense$9(OLS)http://pul/publisher/48628